| Tag |
First Indicator |
Second Indicator |
Subfields |
| LEADER |
00000cas a2200000Ia 4500 |
| 001 |
in00000451813 |
| 005 |
20151012083019.0 |
| 008 |
790627d19uu1973dcuar 0 a0eng d |
| 019 |
|
|
|a 5112721
|
| 035 |
|
|
|a (OCoLC)ocm09357725
|
| 035 |
|
|
|a (OCoLC)09357725
|
| 035 |
|
|
|9 ABX9309AM
|
| 040 |
|
|
|a VPI
|c VPI
|d OCL
|d OCLCQ
|d UtOrBLW
|
| 049 |
|
|
|a TXAM
|
| 090 |
|
|
|a TE1
|b .N467
|
| 110 |
2 |
|
|a National Research Council (U.S.).
|b Highway Research Board.
|
| 245 |
1 |
0 |
|a Annual report for the year ending June 30, ... /
|c CHRB.
|
| 264 |
|
1 |
|a [Washington, D.C.] :
|b National Research Board, National Research Council, National Academy of Sciences, National Academy of Engineering,
|c -1973.
|
| 300 |
|
|
|a volumes :
|b illustrations ;
|c 28 cm.
|
| 336 |
|
|
|a text
|b txt
|2 rdacontent
|
| 337 |
|
|
|a unmediated
|b n
|2 rdamedia
|
| 338 |
|
|
|a volume
|b nc
|2 rdacarrier
|
| 362 |
0 |
|
|a -1973.
|
| 500 |
|
|
|a Description based on: 1969; title from cover.
|
| 610 |
2 |
0 |
|a National Research Council (U.S.).
|b Highway Research Board
|v Periodicals.
|
| 650 |
|
0 |
|a Highway research
|v Periodicals.
|
| 785 |
0 |
0 |
|a National Research Council (U.S.). Transportation Research Board.
|t Annual report
|x 0148-8481
|w (OCoLC)2255430
|
| 936 |
|
|
|a 1969
|
| 994 |
|
|
|a E0
|b TXA
|
| 999 |
|
|
|a MARS
|
| 999 |
f |
f |
|s 11c17b76-9603-3f20-8e5a-91481c07ca6e
|i 83c15297-6d9c-3d4e-aecc-cb886d818ac6
|t 0
|
| 952 |
f |
f |
|p ric
|a Texas A&M University
|b Rellis Campus
|c Joint Library Facility
|d Remote Storage
|t 0
|e TE1 .N467
|h Library of Congress classification
|i unmediated -- volume
|l 1971
|m A14807636346
|
| 952 |
f |
f |
|p ric
|a Texas A&M University
|b Rellis Campus
|c Joint Library Facility
|d Remote Storage
|t 0
|e TE1 .N467
|h Library of Congress classification
|i unmediated -- volume
|l 1969
|m A14807636320
|
| 952 |
f |
f |
|p ric
|a Texas A&M University
|b Rellis Campus
|c Joint Library Facility
|d Remote Storage
|t 0
|e TE1 .N467
|h Library of Congress classification
|i unmediated -- volume
|l 1968
|m A14807626383
|
| 952 |
f |
f |
|p ric
|a Texas A&M University
|b Rellis Campus
|c Joint Library Facility
|d Remote Storage
|t 0
|e TE1 .N467
|h Library of Congress classification
|i unmediated -- volume
|l 1970
|m A14807636338
|
| 952 |
f |
f |
|p ric
|a Texas A&M University
|b Rellis Campus
|c Joint Library Facility
|d Remote Storage
|t 0
|e TE1 .N467
|h Library of Congress classification
|i unmediated -- volume
|l 1972
|m A14807636354
|
| 952 |
f |
f |
|p ric
|a Texas A&M University
|b Rellis Campus
|c Joint Library Facility
|d Remote Storage
|t 0
|e TE1 .N467
|h Library of Congress classification
|i unmediated -- volume
|l 1973
|m A14807626391
|
| 998 |
f |
f |
|a TE1 .N467
|s 1968-1973
|t 0
|l Remote Storage
|